| 000 | 00813ntaaa2200217 4500 | ||
|---|---|---|---|
| 003 | 01 | ||
| 005 | 20251027202320.0 | ||
| 008 | 0714s1973 ag 01 | ||
| 040 |
_aAR-BaBN _bspa _cAR-BaBN _eaacr _dRIC |
||
| 082 | _a280.2000 F873 | ||
| 100 |
_aFrench, Daniel _921718 |
||
| 245 | _aControversial discussion between Cumming and French | ||
| 250 | _a1 ed. | ||
| 260 |
_aLondon : _bP M Andrews, _c1841 |
||
| 300 | _a659 p | ||
| 500 | _aAuthenticated report of the controversial discussion between the Rev. John Cumming A.M. and Daniel French Esq., Bar-at-Law, held in the British School-room, Hammersmith, between the months of April and May 1839 from the notes of Charles Maybury Archer | ||
| 650 | _aapólogética | ||
| 700 |
_aCumming, John _921719 |
||
| 700 |
_aArcher, Charles Maybury _921720 |
||
| 942 | _cBK | ||
| 999 |
_c17970 _d17970 |
||